000 00313nam a22001337a 4500
008 181204b xxu||||| |||| 00| 0 eng d
020 _a9780618111251
041 _aeng
080 _a330
100 _a52
101 _aEKO
245 _aMoney& Banking A Policy Oriented Approach
_cCroushore,D
942 _2udc
_cBK
999 _c52828
_d52828